Hukum Islam dan perubahan sosial : studi komperatif delapan mazhab fiqh

Bibliographic Details
Main Author: Al-Zarqa', Mushthafa Ahmad
Corporate Author: Title
Other Authors: Rohayana, Ade Dedi
Format: Book
Published: Jakarta : Penerbit Riora Cipta , 2000
Subjects:

MARC

LEADER 00000cam a2200000 7i4500
001 0000012731
005 20080312.0
008 071231
020 |a 9799593611 
090 0 0 |a 297.413   |b ZAR 
100 1 |a Al-Zarqa', Mushthafa Ahmad 
245 1 0 |a Hukum Islam dan perubahan sosial :   |b studi komperatif delapan mazhab fiqh   |c Mushthafa Ahmad Al-Zarqa' ; diterjemahkan oleh, Ade Dedi Rohayana 
260 |a Jakarta :   |b Penerbit Riora Cipta ,   |c 2000 
650 0 |a Faith (Islam) 
700 1 |a Rohayana, Ade Dedi 
710 0 |a Title 
999 |a 0001009943   |b Book   |c Adult Collection   |e Perbadanan Perpustakaan Awam Johor